Porque estás en el mundo (Registro nro. 76593)

Detalles MARC
000 -CABECERA
fixed length control field 00520nam a22002177a 4500
003 - IDENTIFICADOR DEL NUMERO DE CONTROL
control field bpm
005 - FECHA Y HORA DE LA ULTIMA TRANSACCION
control field 20260325120035.0
008 - ELEMENTOS DE LONGITUD FIJA -- INFORMACION GENERAL
fixed length control field 260325b |||||||| |||| 00| p spa d
022 ## - INTERNATIONAL STANDARD SERIAL NUMBER
International Standard Serial Number 9789871224401
024 ## - OTRO IDENTIFICADOR NORMALIZADO
Número o código normalizado S. C. C. / M. C. y E. M.:
040 ## - FUENTE DE CATALOGACION
Código de la agencia catalogadora original AR-CtUCP
041 ## - LANGUAGE CODE
Código de Idioma para texto o pista de sonido o título separado spa
080 ## - CLASIFICACIÓN DECIMAL UNIVERSAL
Clasificación Decimal Universal CDU
100 ## - ASIENTO PRINCIPAL--NOMBRE PERSONAL
Nombre del autor personal Gamarra Enrique
245 ## - MENCION DE TITULO
Ti­tulo Porque estás en el mundo
250 ## - MENCION DE EDICION
Edición 1 ed.
260 ## - PUBLICACION, DISTRIBUCION, ETC. (PIE DE IMPRENTA)
Lugar Resistencia
Editor Librería de la Paz
Fecha 2007
650 ## - SASIENTO SECUNDARIO DE MATERIA - TERMINO TEMATICO
Término controlado Literatura-Poesía
942 ## - TIPO DE MATERIAL
Tipo de I­tem LIBRO
Existencias
Estado Perdido Estado de Daño Ubicacion Permanente Ubicacion Actual Sala Fecha de Adquisicion Signatura Topografica Completa Numero de Inventario Date last seen Tipo de Ejemplar
    Biblioteca Regional de Poesía Biblioteca Regional de Poesía Biblioteca 25/03/2026 82 GAM P 52 25/03/2026 LIBRO